书目信息 |
| 题名: |
射频与微波功率放大器工程设计
|
|
| 作者: | 黄智伟 , 王明华 , 黄国玉 编著 | |
| 分册: | ||
| 出版信息: | 北京 电子工业出版社 2015.5 |
|
| 页数: | 14,514页 | |
| 开本: | 26cm | |
| 丛书名: | 电子工程技术丛书 | |
| 单 册: | ||
| 中图分类: | TN722.1 | |
| 科图分类: | ||
| 主题词: | 高频放大器--设计 , 微波放大器--设计 | |
| 电子资源: | ||
| ISBN: | 978-7-121-25925-8 | |
| 000 | 01244nam 2200301 450 | |
| 001 | 0400003312 | |
| 005 | 20171022084034.0 | |
| 010 | @a978-7-121-25925-8@dCNY88.00 | |
| 100 | @a20150814e2015 em y0chiy50 ea | |
| 101 | 0 | @achi |
| 102 | @aCN@b110000 | |
| 105 | @aa az 000yy | |
| 106 | @ar | |
| 200 | 1 | @a射频与微波功率放大器工程设计@9she pin yu wei bo gong lu fang da qi gong cheng she ji@f黄智伟,王明华,黄国玉编著 |
| 210 | @a北京@c电子工业出版社@d2015.5 | |
| 215 | @a14,514页@c图@d26cm | |
| 225 | 2 | @a电子工程技术丛书 |
| 320 | @a有书目(第503-514页) | |
| 330 | @a本书从工程设计要求出发,以不同公司的射频与微波功率放大器器件为基础,通过大量的示例,图文并茂地介绍了射频与微波功率放大器器件和参数,射频与微波晶体管功率放大器电路,单片射频与微波功率放大器电路,射频与微波功率检测/控制电路和电源电路,射频与微波电路PCB设计和散热设计,以及电路设计和制作中的一些方法、技巧和应该注意的问题,具有很强的工程性和实用性。 | |
| 461 | 0 | @12001 @a电子工程技术丛书 |
| 606 | 0 | @a高频放大器@x设计 |
| 606 | 0 | @a微波放大器@x设计 |
| 690 | @aTN722.1@v5 | |
| 701 | 0 | @a黄智伟@9huang zhi wei@4编著 |
| 701 | 0 | @a王明华@9wang ming hua@4编著 |
| 701 | 0 | @a黄国玉@9huang guo yu@4编著 |
| 801 | 0 | @aCN@b91MARC@c20171022 |
| 905 | @b1022615-9@dTN722.1@f5@e323 | |
| 射频与微波功率放大器工程设计/黄智伟,王明华,黄国玉编著.-北京:电子工业出版社,2015.5 |
| 14,514页:图;26cm.-(电子工程技术丛书) |
| ISBN 978-7-121-25925-8:CNY88.00 |
| 本书从工程设计要求出发,以不同公司的射频与微波功率放大器器件为基础,通过大量的示例,图文并茂地介绍了射频与微波功率放大器器件和参数,射频与微波晶体管功率放大器电路,单片射频与微波功率放大器电路,射频与微波功率检测/控制电路和电源电路,射频与微波电路PCB设计和散热设计,以及电路设计和制作中的一些方法、技巧和应该注意的问题,具有很强的工程性和实用性。 |
| ● |
| 相关链接 |
|
|
|
|
正题名:射频与微波功率放大器工程设计
索取号:TN722.1/323
 
预约/预借
| 序号 | 登录号 | 条形码 | 馆藏地/架位号 | 状态 | 备注 |
| 1 | 1022615 | 210226156 | 第二样本阅览室/ [索取号:TN722.1/323] | 在馆 | |
| 2 | 1022616 | 210226165 | 第三借阅区/ [索取号:TN722.1/323] | 在馆 | |
| 3 | 1022617 | 210226174 | 第三借阅区/ [索取号:TN722.1/323] | 在馆 | |
| 4 | 1022618 | 210226183 | 第三借阅区/ [索取号:TN722.1/323] | 在馆 | |
| 5 | 1022619 | 210226192 | 密集书库-物理学院/ [索取号:TN722.1/323] | 在馆 |